Instead of cars

Đã lưu trong:
书目详细资料
主要作者: Bendixson, Terence
格式: 图书
语言:Undetermined
出版: Harmondsworth Penguin Books 1977
主题:
标签: 添加标签
没有标签, 成为第一个标记此记录!
Thư viện lưu trữ: Trung tâm Học liệu Trường Đại học Cần Thơ
LEADER 00536nam a2200193Ia 4500
001 CTU_84397
008 210402s9999 xx 000 0 und d
082 |a 388.4 
082 |b B458 
100 |a Bendixson, Terence 
245 0 |a Instead of cars 
245 0 |c Terence Bendixson 
260 |a Harmondsworth 
260 |b Penguin Books 
260 |c 1977 
650 |a Local transit 
650 |x Personal rapid transit,Transportation, automobile 
904 |i QHieu(sửa) 
980 |a Trung tâm Học liệu Trường Đại học Cần Thơ